Statistics for U.S. National Forests Quiz

Click here to take the quiz!

General Stats

  • This quiz has been taken 323 times
    (198 since last reset)
  • The average score is 26 of 133

Answer Stats

HintAnswer% Correct
VA, WV, KYGeorge Washington and Jefferson
42%
CASequoia
42%
WAOlympic
40%
PAAllegheny
39%
WYBridger-Teton
39%
AROzark-St. Francis
36%
AZ, NMApache-Sitgreaves
35%
TN, NCCherokee
35%
CORio Grande
33%
MNSuperior
33%
ORMount Hood
32%
NH, MEWhite Mountain
32%
SD, WYBlack HIlls
31%
VTGreen Mountain
31%
NMLincoln
31%
CASierra
31%
CORoosevelt
29%
NMGila
28%
CAShasta-Trinity
27%
IDBoise
26%
MIHuron-Manistee
26%
UT, WY, IDUinta-Wasatch-Cache
26%
CAAngeles
25%
TXDavy Crockett
25%
ID, MT, WAIdaho Panhandle
25%
MT`Lewis and Clark
25%
COGunnison
24%
ORWillamette
24%
NMCarson
23%
GAChattahoochee-Oconee
23%
KYDaniel Boone
23%
NV, CAHumboldt-Toiyabe
23%
CA, ORKlamath
23%
CATahoe
23%
COArapaho
22%
AZCoconino
22%
OR, CARogue River-Siskiyou
22%
CASan Bernardino
22%
COSan Juan
22%
NMSanta Fe
22%
ORFremont-Winema
21%
CA, NVInyo
21%
CALassen
21%
NENebraska
21%
ID, UTSawtooth
21%
WYBighorn
20%
MT, SDCuster
20%
UTDixie
20%
IDSalmon-Challis
20%
TXAngelina
19%
CACleveland
19%
ORDeschutes
19%
MTHelena
19%
INHoosier
19%
ORMalheur
19%
MOMark Twain
19%
CAMendocino
19%
CAModoc
19%
WVMonongahela
19%
WAOkanogan-Wenatchee
19%
COPike
19%
NCPisgah
19%
ILShawnee
19%
CAStanislaus
19%
OHWayne
19%
WIChequamegon-Nicolet
18%
WAColville
18%
MTFlathead
18%
IDNez Perce
18%
AKTongass
18%
MNChippewa
17%
WAGifford Pinchot
17%
AZKaibab
17%
MT, IDKootenai
17%
CALos Padres
17%
CO, WYMedicine Bow-Routt
17%
AZPrescott
17%
ORUmpqua
17%
OR, IDWallowa-Whitman
17%
MT, IDBitterroot
16%
WAMount Baker-Snoqualmie
16%
TXSam Houston
16%
WYShoshone
16%
AZTonto
16%
OR, WAUmatilla
16%
FLApalachicola
15%
ID, WYCaribou-Targhee
15%
AKChugach
15%
IDClearwater
15%
CAEldorado
15%
PREl Yunque
15%
MTLolo
15%
OROchoco
15%
MIOttawa
15%
COWhite River
15%
UT, WYAshley
14%
MTBeaverhead-Deerlodge
14%
MSDelta
14%
NYFinger Lakes
14%
SCFrancis Marion
14%
MTGallatin
14%
COGrand Mesa
14%
MIHiawatha
14%
UT, COManti-La Sal
14%
NCNantahala
14%
ORSuislaw
14%
SCSumter
14%
MSDe Soto
13%
UTFishlake
13%
FLOcala
13%
IDPayette
13%
TXSabine
13%
CASix Rivers
13%
COUncompahgre
13%
AZ, NMCoronado
12%
COSan Isabel
12%
ALTalladega
12%
NMCibola
11%
NCCroatan
11%
CAPlumas
11%
ALConecuh
10%
FLOsceola
10%
ALTuskegee
10%
ALWilliam B. Bankhead
10%
MSBienville
9%
MSHolly Springs
9%
NESamuel R. McKelvie
9%
MSHomochitto
8%
CA, NVLake Tahoe Basin Management Unit
8%
KY, TNLand Between the Lakes
8%
NCUwharrie
8%
AR, OKQuachita
4%
LAKistchie
3%

Score Distribution

Percentile by Number Answered

Percent of People with Each Score

Your Score History

You have not taken this quiz since the last reset